000 00819nam a2200253 a 4500
008
049 _aMAIN
090 0 _aQR75
_bBAC
245 0 0 _aBacteria;
_ba treatise on structure and function, volume iii: biosynthesis
_cedited by I.C. Gunsalus and Roger Y.Stanier.
246 _aA treatise on structure and function.
260 _aNew York,
_bAcademic Press,
_c1962.
300 _axv, 718 p. :
_bill. ;
_c24 cm.
440 _aThe Bacteria
_v1 :biosynthesis.
504 _aIncludes bibliographical references.
500 _aIncludes index.
650 0 _aBacteriology.
700 1 _aGunsalus, I. C.
700 1 _aStanier, Roger Y.
907 _a.b10232710
_b21-03-13
_c16-02-07
003
005 20230120203943.0
040 _cNUST
942 _cBOOKS
_kQR75
_mBAC
999 _c114511
_d114511